| 000 | 00358nam a2200133Ia 4500 | ||
|---|---|---|---|
| 008 | 240624s9999 xx 000 0 und d | ||
| 041 | _aeng | ||
| 082 | _a005.54 JAC | ||
| 100 | _aJACOBSON REED | ||
| 245 | _aMICROSOFT OFFICE EXCEL 2007 VISUAL BASICS | ||
| 260 |
_c2009 _aNew Delhi _bPrentice-Hall of India |
||
| 300 | _a354 : p. : cm. ; 24 | ||
| 365 |
_cRS _b36 |
||
| 999 |
_c15684 _d15684 |
||